| 000 | 00557nam a22001937a 4500 | ||
|---|---|---|---|
| 003 | FEu | ||
| 005 | 20140310181734.0 | ||
| 008 | 130319t xxu||||| |||| 00| 0 eng d | ||
| 020 | _a0-324-36433-4 | ||
| 050 |
_aHD 30.28 _b.H676 2007 |
||
| 082 |
_aTR 658 _bH63 2007 |
||
| 245 |
_aManagement of strategy _bconcepts and cases _cMichael A. Hitt, Robert E. Hoskisson, R. Duane Ireland |
||
| 260 |
_aMason, Ohio _bThomson Higher Education _cc2007 |
||
| 300 |
_a1v. _c25.4 cm. |
||
| 521 | _ateachers | ||
| 541 | _j1 | ||
| 562 | _e1 | ||
| 942 |
_2lcc _cBK-TR _kTR |
||
| 999 |
_c2509 _d2509 |
||